书目信息 |
| 题名: |
委拉斯开兹
|
|
| 作者: | 普罗泰 , 鲁索 著 ;贾德 译 | |
| 分册: | ||
| 出版信息: | 南昌 江西教育出版社 2020.10 |
|
| 页数: | 127页 | |
| 开本: | 23cm | |
| 丛书名: | ||
| 单 册: | ||
| 中图分类: | J213.055.51 , K835.515.72 | |
| 科图分类: | ||
| 主题词: | 油画--绘画评论--西班牙--近代 , 画家--人物研究--西班牙--近代 | |
| 电子资源: | ||
| ISBN: | 978-7-5705-1890-6 | |
| 000 | 01514nam0 2200325 45 | |
| 001 | 012001001731 | |
| 005 | 20141011104157.0 | |
| 010 | @a978-7-5705-1890-6@dCNY59.00 | |
| 100 | @a20201224d2020 em y0chiy50 ea | |
| 101 | 1 | @achi@cfre |
| 102 | @aCN@b360000 | |
| 105 | @aa z 000yd | |
| 106 | @ar | |
| 200 | 1 | @a委拉斯开兹@Awei la si kai zi@b专著@e现实主义绘画大师@dVelázquez@ema?tre de la peinture réaliste@f(法)约翰·普罗泰(Johann Protais),(法)埃卢瓦·鲁索(éloi Rousseau)著@g贾德译@zfre |
| 210 | @a南昌@c江西教育出版社@d2020.10 | |
| 215 | @a127页@c图@d23cm | |
| 300 | @a读懂大师系列 | |
| 300 | @a并列题名:Velázquez | |
| 330 | @a本书论述的委拉斯开兹是西班牙17世纪伟大的现实主义绘画大师,他对光与色彩的表现,为印象派所继承并发扬光大。他以惊人的准确性,强烈的人道主义与现实主义精神,在画布上尽情挥洒,展现了西班牙黄金世纪的波澜壮阔,刻画了人类生命的美好与脆弱,翻开这本精美的图书,我们既可以欣赏到大师的经典代表作品,分析和品味其绘画技巧,还将跟随作者一起去探索他的人生经历,创作旅程。 | |
| 510 | 1 | @aVelázquez@ema?tre de la peinture réaliste@zfre |
| 606 | 0 | @a油画@x绘画评论@y西班牙@z近代 |
| 606 | 0 | @a画家@x人物研究@y西班牙@z近代 |
| 610 | 0 | @a委拉斯开兹(Velázquez, Diego de Silva; 1599-1660) |
| 690 | @aJ213.055.51@v5 | |
| 690 | @aK835.515.72@v5 | |
| 701 | 0 | @c(法)@a普罗泰@Apu luo tai@c(Protais, Johann)@4著 |
| 701 | 0 | @c(法)@a鲁索@Alu suo@c(Rousseau, éloi)@4著 |
| 702 | 0 | @a贾德@Ajia de@4译 |
| 801 | 2 | @aCN@b江苏凤凰@c20211018 |
| 905 | @b1345496-9@dJ213.055.51@e1444@f4 | |
| 委拉斯开兹:现实主义绘画大师=Velázquez:ma?tre de la peinture réaliste/(法)约翰·普罗泰(Johann Protais),(法)埃卢瓦·鲁索(éloi Rousseau)著/贾德译.-南昌:江西教育出版社,2020.10 |
| 127页:图;23cm |
| 读懂大师系列.-并列题名:Velázquez |
| ISBN 978-7-5705-1890-6:CNY59.00 |
| 本书论述的委拉斯开兹是西班牙17世纪伟大的现实主义绘画大师,他对光与色彩的表现,为印象派所继承并发扬光大。他以惊人的准确性,强烈的人道主义与现实主义精神,在画布上尽情挥洒,展现了西班牙黄金世纪的波澜壮阔,刻画了人类生命的美好与脆弱,翻开这本精美的图书,我们既可以欣赏到大师的经典代表作品,分析和品味其绘画技巧,还将跟随作者一起去探索他的人生经历,创作旅程。 |
| ● |
| 相关链接 |
|
|
|
|
正题名:委拉斯开兹
索取号:J213.055.51/1444
 
预约/预借
| 序号 | 登录号 | 条形码 | 馆藏地/架位号 | 状态 | 备注 |
| 1 | 1345496 | 213454965 | 第一样本阅览室/ [索取号:J213.055.51/1444] | 在馆 | |
| 2 | 1345497 | 213454974 | 第一借阅区/ [索取号:J213.055.51/1444] | 在馆 | |
| 3 | 1345498 | 213454983 | 第一借阅区/ [索取号:J213.055.51/1444] | 在馆 | |
| 4 | 1345499 | 213454992 | 第一借阅区/ [索取号:J213.055.51/1444] | 在馆 |